| 000 | 01064nam0a2200301 4500 | ||
|---|---|---|---|
| 001 | RU\NLR\ONL2\24936 | ||
| 005 | 20250613224250.0 | ||
| 035 | _a(NLR Aleph) 010211891 | ||
| 090 |
_a10277793 _c10277793 |
||
| 100 | _a20130124d1935 |||y0rusy50 ca | ||
| 101 | 0 | _alit | |
| 102 | _aRU | ||
| 105 | _ag ||||||||| | ||
| 200 | 1 |
_aDainuojam _edainџ rinkinys kariams, šauliams, moksleiviams ir jauimui su V. Dapkūno muzikos pradžiamoksliu _fD. Andriulis, J. Bertulis, Kl. Griauzdё ir kt. _g[turinǐ tvarkё J. M. Laurinaitis] |
|
| 210 |
_aKaunas _cKariuomenёs Šrabo spaudos ir švietimo skyriaus leid. _d1935 |
||
| 215 |
_a152 p. _cнот. _d24 |
||
| 541 | 1 |
_a[Поем _eсб. песен для военных, стрелков, учащихся и юношей] _zrus |
|
| 686 | 1 | _aЩ94 | |
| 701 | 1 |
_aAndriulis _bD. _4070 |
|
| 701 | 1 |
_aBertulis _bJ. _4070 |
|
| 701 | 1 |
_aGriauzdё _bKl. _4070 |
|
| 801 | 0 |
_aRU _bNLR _c20130124 _gPSBO |
|
| 852 |
_aNLR _jЛитов./3-16178 _m53706 |
||
| 852 |
_aNLR _bОНЛ |
||
| 942 | _cBOOK | ||
| 980 | _aNB | ||
| 980 | _aONL_RF | ||